Normal view
MARC view
Entry Topical Term
001 - CONTROL NUMBER
- control field: 10236
003 - CONTROL NUMBER IDENTIFIER
- control field: BD-RjUL
005 - DATE AND TIME OF LATEST TRANSACTION
- control field: 20231128182942.0
008 - FIXED-LENGTH DATA ELEMENTS
- fixed length control field: 231128|| aca||aabn | a|a d
040 ## - CATALOGING SOURCE
- Original cataloging agency: BD-RjUL
- Transcribing agency: BD-RjUL
150 ## - HEADING--TOPICAL TERM
- Topical term or geographic name entry element: Diabetes
- Form subdivision: Diseases
670 ## - SOURCE DATA FOUND
- Source citation: Work cat.: (BD-RjUL)82367: Roy, Dipa 10235, Identification of tcf7L2 genetic variants associated with type 2 diabetes in Northern region of Bangladesh /, 2018